Normal view
MARC view
- الشعر الأوردي - تاريخ ونقد - ترجمة
Entry Topical Term
001 - CONTROL NUMBER
- control field: 33829
003 - CONTROL NUMBER IDENTIFIER
- control field: JO-AjAnu
005 - DATE AND TIME OF LATEST TRANSACTION
- control field: 20230606075655.0
008 - FIXED-LENGTH DATA ELEMENTS
- fixed length control field: 230606|| aca||aabn | a|a d
040 ## - CATALOGING SOURCE
- Original cataloging agency: JO-AjAnu
- Transcribing agency: JO-AjAnu
150 ## - HEADING--TOPICAL TERM
- Topical term or geographic name entry element: الشعر الأوردي - تاريخ ونقد - ترجمة
670 ## - SOURCE DATA FOUND
- Source citation: Work cat.: (JO-AjAnu)17376: تأليف حالي،ألطاف حسين ؛ ترجمة وتعليق جلال السعيد الحفناوي ؛ تقديم ومراجعة سمير عبد الحميد إبراهيم, author 33828, الشعر والشاعرية: مقدمة الديوان الأردى